Požiadavky na informačný systém manažérstva kvality (záverečná správa VEGA 1/7350/20; G 5051)
Saved in:
| Main Author: | |
|---|---|
| Other Authors: | , , , , |
| Format: | Book |
| Language: | Slovak |
| Published: |
Bratislava
2002
|
| Subjects: | |
| Tags: |
No Tags, Be the first to tag this record!
|
MARC
| LEADER | 00000nam a2200000 4500 | ||
|---|---|---|---|
| 001 | 0207424 | ||
| 005 | 20240711092249.0 | ||
| 041 | 0 | |a slo | |
| 044 | |a SK | ||
| 245 | 1 | 0 | |a Požiadavky na informačný systém manažérstva kvality |b (záverečná správa VEGA 1/7350/20; G 5051) |c zodpovedný riešiteľ: Vojtech Kollár, riešitelia: Gabriela Kristová ... [et al.] |
| 264 | 1 | |a Bratislava |c 2002 | |
| 300 | |a 64 s. | ||
| 610 | 2 | 0 | |a systémy informačné manažérske |
| 610 | 2 | 0 | |a riadenie kvality |
| 100 | 1 | |a Kollár, Vojtech | |
| 700 | 1 | |a Kristová, Gabriela | |
| 700 | 1 | |a Kristová, Ľudmila | |
| 700 | 1 | |a Košútová, Tatiana, 1962- | |
| 700 | 1 | |a Roman, Emil | |
| 700 | 1 | |a Kovariková, Renáta | |